Statistics for US Counties (or Equivalents) with Highest Proportions of Ancestries

Click here to take the quiz!

General Stats

  • This quiz has been taken 9 times
  • The average score is 6 of 56

Answer Stats

AncestryCounty (or
Equivalent)
StateProp-
ortion
% Correct
ArmenianLos AngelesCA1.9%
89%
ChineseSan FranciscoCA23.1%
67%
JapaneseHonoluluHI24.4%
44%
ScottishRichUT11.4%
44%
ItalianRichmondNY29.1%
33%
TurkishKentTX0.8%
22%
Carpatho RusynLakeCO0.3%
22%
SloveneLakeOH6.1%
22%
RussianLoganND17.5%
22%
AssyrianMacombMI0.5%
22%
MacedonianMacombMI0.5%
22%
VietnameseSanta ClaraCA7.6%
22%
BurmeseBeadleSD7.3%
11%
KoreanBergenNJ6.5%
11%
LaotianBuena VistaIA4.5%
11%
IrishCape MayNJ30.2%
11%
IndonesianGlennCA1.0%
11%
NorwegianGriggsND55.0%
11%
BasqueJohnsonWY3.9%
11%
SwedishKittsonMN23.8%
11%
BulgarianNantucketMA1.7%
11%
HmongRamseyMN7.8%
11%
LithuanianSchuylkillPA4.4%
11%
FilipinoAleutian WestAK37.4%
0%
CroatianAppanooseIA2.8%
0%
DanishAudobonIA28.6%
0%
UkrainianBillingsND11.0%
0%
GreekBlaineNE5.0%
0%
TonganBriscoeTX1.0%
0%
PortugueseBristolMA25.7%
0%
CzechButlerNE30.8%
0%
SlovakCambriaPA6.4%
0%
MongolianClearwaterID0.4%
0%
SerbianDenaliAK2.4%
0%
MalayEllsworthKS0.6%
0%
MarshalleseGarfieldOK3.5%
0%
HungarianGeaugaOH5.1%
0%
EstonianGilpinCO0.8%
0%
LatvianHainesAK1.5%
0%
OkinawanKalawaoHI10.6%
0%
SamoanKalawaoHI7.6%
0%
FinnishKeeweenawMI34.8%
0%
AlbanianLibertyFL2.9%
0%
CambodianManassas ParkVA3.5%
0%
GermanMcIntoshND69.8%
0%
RomanianMeagherMT3.4%
0%
NepaliMooreTN2.4%
0%
WelshOneidaID13.6%
0%
IcelandicPembinaND7.1%
0%
FijianPlumasCA0.8%
0%
LuxembourgishPlymouthIA2.7%
0%
PolishPortageWI29.7%
0%
DutchSioux CityIA44.3%
0%
MalteseTooleMT1.5%
0%
ThaiTregoKS1.7%
0%
ChamorroYakutat CityAK1.5%
0%

Score Distribution

Percentile by Number Answered

Percent of People with Each Score

Your Score History

You have not taken this quiz